[Event "Torquay Bloodworth op"]
[Site "Torquay"]
[Date "2019.09.05"]
[Round "5"]
[White "Pollard, Matthew B"]
[Black "Foley, Phil T"]
[Result "0-1"]
[WhiteElo "1805"]
[BlackElo "1736"]
[PlyCount "92"]
[EventDate "2019.09.01"]
[EventType "swiss"]
[EventRounds "7"]
[EventCountry "ENG"]
[SourceTitle "CBM 192 Extra"]
[Source "Chessbase"]
[SourceDate "2019.11.06"]
[SourceVersion "1"]
[SourceVersionDate "2019.11.06"]
[SourceQuality "1"]

1. e4 c5 2. Nf3 e6 3. d4 cxd4 4. Nxd4 a6 5. c4 Nf6 6. Bd3 Nc6 7. Nxc6 bxc6 8. 0-0 Qc7 9. Be3 d5 10. Nd2 Bb4 11. cxd5 exd5 12. exd5 Nxd5 13. Re1 0-0 14. Qc2 Nxe3 15. Rxe3 Bxd2 16. Qxd2 Be6 17. Qc2 h6 18. Be4 Rac8 19. Rc3 c5 20. b3 Rfd8 21. Rc1 Rd4 22. Bf5 Qe5 23. Bxe6 fxe6 24. Re3 Qd6 25. h3 Rd2 26. Qc4 Rd1+ 27. Re1 Rxc1 28. Rxc1 Kf7 29. b4 Qd5 30. bxc5 Qxc4 31. Rxc4 Rc6 32. Kf1 e5 33. Ke2 Ke6 34. Ke3 Kd5 35. Rc2 Rxc5 36. Rxc5+ Kxc5 37. Ke4 Kb4 38. Kxe5 Ka3 39. Kd4 Kxa2 40. Kc3 Kb1 41. f4 a5 42. f5 a4 43. Kb4 Kc2 44. Kxa4 Kd3 45. g4 Ke4 46. Kb4 Kf4 0-1

[Event "Torquay Paignton Rowena op"]
[Site "Torquay"]
[Date "2018.09.02"]
[Round "1"]
[White "Foley, Phil T"]
[Black "Body, Giles"]
[Result "1/2-1/2"]
[WhiteElo "141"]
[BlackElo "159"]
[PlyCount "72"]
[EventDate "2018.09.02"]
[EventType "swiss"]
[EventRounds "7"]
[EventCountry "ENG"]
[SourceTitle "CBM 187 Extra"]
[Source "ChessBase"]
[SourceDate "2018.11.04"]
[SourceVersion "1"]
[SourceVersionDate "2018.11.04"]
[SourceQuality "1"]

1. e4 e5 2. Nc3 Nf6 3. f4 d5 4. fxe5 Nxe4 5. Qf3 Nc6 6. Bb5 Nxc3 7. dxc3 Qh4+ 8. g3 Qe4+ 9. Qxe4 dxe4 10. Be3 Bd7 11. Bxc6 Bxc6 12. Ne2 Be7 13. Nd4 Bd7 14. Rf1 0-0 15. 0-0-0 Bh3 16. Rf2 Rfe8 17. Nb5 Bd8 18. Bd4 a6 19. Na3 Bg5+ 20. Kb1 e3 21. Rf4 Bxf4 22. gxf4 e2 23. Re1 Bf1 24. Nc4 Rad8 25. Nd2 c5 26. Be3 f6 27. Kc1 fxe5 28. f5 Bh3 29. Rxe2 Bxf5 30. Bxc5 Rd5 31. Be3 h6 32. c4 Rd7 33. Rf2 Rf8 34. Bc5 Rff7 35. b3 Bh7 36. Re2 Rf5 1/2-1/2

[Event "London e2e4 Diamond Jubilee op-B"]
[Site "London"]
[Date "2012.06.04"]
[Round "5"]
[White "Foley, Phil T"]
[Black "Burt, David F"]
[Result "1/2-1/2"]
[WhiteElo "1662"]
[BlackElo "1606"]
[PlyCount "85"]
[EventDate "2012.06.02"]
[EventType "swiss"]
[EventRounds "7"]
[EventCountry "ENG"]
[SourceTitle "EXT 2014"]
[Source "ChessBase"]
[SourceDate "2013.11.20"]
[SourceVersion "1"]
[SourceVersionDate "2013.11.20"]
[SourceQuality "1"]

1. e4 d5 2. exd5 Qxd5 3. Nc3 Qd6 4. d4 c6 5. Nf3 Nf6 6. Be3 Bg4 7. h3 Bf5 8. Qd2 e6 9. Ne5 Qc7 10. g4 Bg6 11. h4 h6 12. Nxg6 fxg6 13. f3 Bd6 14. 0-0-0 Nbd7 15. Bc4 Nd5 16. Bxd5 exd5 17. Qd3 Nf8 18. Rde1 0-0-0 19. Kb1 Qf7 20. Rh3 Ne6 21. Ne2 g5 22. hxg5 Nxg5 23. Bxg5 hxg5 24. Reh1 Rxh3 25. Rxh3 Bf4 26. a3 Re8 27. Ng3 Bxg3 28. Rxg3 Qf4 29. Qf5+ Kc7 30. Qxf4+ gxf4 31. Rh3 Re3 32. Kc1 g5 33. Kd2 Kb6 34. c3 Re7 35. Rh2 Kb5 36. b3 a5 37. a4+ Ka6 38. Re2 Rxe2+ 39. Kxe2 b5 40. Kd3 Kb6 41. Kc2 b4 42. Kd3 Ka6 43. c4 1/2-1/2

[Event "London e2e4 Diamond Jubilee op-B"]
[Site "London"]
[Date "2012.06.03"]
[Round "3"]
[White "Foley, Phil T"]
[Black "Pitkeathly, Hamish"]
[Result "1-0"]
[WhiteElo "1662"]
[BlackElo "1470"]
[PlyCount "83"]
[EventDate "2012.06.02"]
[EventType "swiss"]
[EventRounds "7"]
[EventCountry "ENG"]
[SourceTitle "EXT 2014"]
[Source "ChessBase"]
[SourceDate "2013.11.20"]
[SourceVersion "1"]
[SourceVersionDate "2013.11.20"]
[SourceQuality "1"]

1. e4 c5 2. Nc3 Nc6 3. Nge2 e6 4. d4 cxd4 5. Nxd4 a6 6. Be3 Nf6 7. a3 Qc7 8. Be2 b5 9. Bf3 Bb7 10. Nb3 Ne5 11. Bf4 Nxf3+ 12. Qxf3 Qc4 13. Nd2 Qc5 14. 0-0 Bd6 15. Nb3 Qc7 16. Bxd6 Qxd6 17. Rad1 Qe5 18. Rfe1 Qc7 19. h3 0-0 20. Rd2 d5 21. exd5 Nxd5 22. Nxd5 Bxd5 23. Qe3 Rac8 24. Nd4 Rfd8 25. c3 Qb7 26. f4 g6 27. g4 Re8 28. Qe5 a5 29. h4 b4 30. axb4 axb4 31. Ne2 Qb6+ 32. Qd4 Qd8 33. g5 Rc4 34. Qf2 Qa5 35. Rd4 bxc3 36. Rxc4 Bxc4 37. Nxc3 Rb8 38. Rd1 Qf5 39. Rd2 Qg4+ 40. Kh2 Rb4 41. Rd8+ Kg7 42. Qd4+ 1-0

[Event "London e2e4 Diamond Jubilee op-B"]
[Site "London"]
[Date "2012.06.02"]
[Round "1"]
[White "Foley, Phil T"]
[Black "Cohen, Meytal"]
[Result "1-0"]
[WhiteElo "1662"]
[BlackElo "1238"]
[PlyCount "53"]
[EventDate "2012.06.02"]
[EventType "swiss"]
[EventRounds "7"]
[EventCountry "ENG"]
[SourceTitle "EXT 2014"]
[Source "ChessBase"]
[SourceDate "2013.11.20"]
[SourceVersion "1"]
[SourceVersionDate "2013.11.20"]
[SourceQuality "1"]

1. e4 e5 2. Nc3 Nc6 3. Bc4 Bc5 4. Qg4 g6 5. Qf3 Nh6 6. d3 b5 7. Bb3 Nd4 8. Qg3 d6 9. Bxh6 a5 10. Nge2 c6 11. Nxd4 Bxd4 12. a3 Rb8 13. Be3 b4 14. Bxd4 exd4 15. Ne2 bxa3 16. Rxa3 c5 17. Ba4+ Kf8 18. Rb3 Be6 19. Rxb8 Qxb8 20. 0-0 Kg7 21. b3 Rd8 22. f4 Qb4 23. f5 Bc8 24. Qh4 Rd7 25. f6+ Kf8 26. Qxh7 Ke8 27. Qg8# 1-0

[Event "Amersham e2e4 Major op"]
[Site "Amersham"]
[Date "2012.05.20"]
[Round "4"]
[White "Winter, Malcolm J"]
[Black "Foley, Phil T"]
[Result "0-1"]
[WhiteElo "1514"]
[BlackElo "1662"]
[PlyCount "47"]
[EventDate "2012.05.18"]
[EventType "swiss"]
[EventRounds "5"]
[EventCountry "ENG"]
[SourceTitle "EXT 2014"]
[Source "ChessBase"]
[SourceDate "2013.11.20"]
[SourceVersion "1"]
[SourceVersionDate "2013.11.20"]
[SourceQuality "1"]

1. d4 d5 2. Nf3 c5 3. e3 e6 4. c3 Nf6 5. Bd3 Nc6 6. Nbd2 Bd6 7. 0-0 0-0 8. b3 Qe7 9. Bb2 a6 10. Re1 b5 11. dxc5 Bxc5 12. Qc2 e5 13. e4 Qa7 14. Re2 Bg4 15. exd5 Bxf3 16. Nxf3 Nxd5 17. Bxh7+ Kh8 18. Nxe5 Nxe5 19. Rxe5 Nf6 20. Bd3 Bxf2+ 21. Kh1 Rae8 22. Qe2 Rxe5 23. Qxe5 Re8 24. Qd4 0-1

[Event "High Wycombe e2e4 Intermediate op 03"]
[Site "High Wycombe"]
[Date "2012.03.17"]
[Round "3"]
[White "Foley, Phil T"]
[Black "Homolka, Vincent"]
[Result "1/2-1/2"]
[WhiteElo "1642"]
[BlackElo "1838"]
[PlyCount "79"]
[EventDate "2012.03.16"]
[EventType "swiss"]
[EventRounds "5"]
[EventCountry "ENG"]
[SourceTitle "EXT 2014"]
[Source "ChessBase"]
[SourceDate "2013.11.20"]
[SourceVersion "1"]
[SourceVersionDate "2013.11.20"]
[SourceQuality "1"]

1. e4 d5 2. exd5 Qxd5 3. Nc3 Qa5 4. d4 Nf6 5. Nf3 c6 6. Bd3 Bg4 7. h3 Bh5 8. 0-0 e6 9. Bd2 Nbd7 10. a3 Be7 11. Qe2 0-0 12. Qe3 Qc7 13. b4 Nb6 14. Ne4 Nbd5 15. Qe2 Rfd8 16. c3 Nf4 17. Nxf6+ Bxf6 18. Bxf4 Qxf4 19. Qe4 Qxe4 20. Bxe4 Bxf3 21. Bxf3 e5 22. dxe5 Bxe5 23. Rac1 Rd3 24. Rfe1 f6 25. Re3 Rad8 26. Be4 Rxe3 27. fxe3 Rd2 28. Bc2 Kf7 29. Kf1 g6 30. a4 Ke7 31. Bb1 Rb2 32. Bd3 Rb3 33. Bc4 Ra3 34. Rc2 Bxc3 35. b5 c5 36. Ra2 Rxa2 37. Bxa2 Kd6 38. Ke2 Ke5 39. Kf3 b6 40. Bb3 1/2-1/2

[Event "Southend op"]
[Site "Southend"]
[Date "2009.04.13"]
[Round "7"]
[White "Foley, Phil T"]
[Black "Iyengar, Ilya"]
[Result "0-1"]
[WhiteElo "1646"]
[BlackElo "1933"]
[PlyCount "82"]
[EventDate "2009.04.10"]
[EventType "swiss"]
[EventRounds "7"]
[EventCountry "ENG"]
[SourceTitle "CBM 130 Extra"]
[Source "ChessBase"]
[SourceDate "2009.07.02"]
[SourceVersion "2"]
[SourceVersionDate "2009.07.15"]
[SourceQuality "1"]

1. e4 c5 2. d4 cxd4 3. c3 dxc3 4. Nxc3 d6 5. Nf3 Nc6 6. Bc4 e6 7. 0-0 Nf6 8. Qe2 a6 9. Rd1 Qc7 10. Bf4 b5 11. Bb3 Be7 12. Rac1 0-0 13. e5 dxe5 14. Nxe5 Nxe5 15. Nd5 Qb7 16. Rc7 Nxd5 17. Rxb7 Nxf4 18. Qxe5 Bxb7 19. Qxf4 Bf6 20. Rd2 Rac8 21. Rc2 Rxc2 22. Bxc2 Bxb2 23. Qh4 g6 24. Qe7 Bd5 25. Qb4 Bf6 26. Bb3 Rc8 27. Qd2 Bxb3 28. axb3 Rc3 29. b4 Rb3 30. g3 Rb2 31. Qf4 Be7 32. Qc7 Bf8 33. Qb6 Rxb4 34. Qxa6 Rb1+ 35. Kg2 b4 36. Qa2 Rc1 37. Kf3 Rc3+ 38. Ke4 Bd6 39. f4 f5+ 40. Kd4 Kf7 41. Qa7+ Kf6 0-1

[Event "Civil Service Minor op"]
[Site "London"]
[Date "2005.11.05"]
[Round "3"]
[White "Foley, Phil T"]
[Black "Nelson, John W"]
[Result "0-1"]
[WhiteElo "1136"]
[BlackElo "1416"]
[PlyCount "85"]
[EventDate "2005.11.05"]
[EventType "swiss"]
[EventRounds "5"]
[EventCountry "ENG"]
[SourceTitle "EXT 2007"]
[Source "ChessBase"]
[SourceDate "2006.11.23"]
[SourceVersion "1"]
[SourceVersionDate "2006.11.23"]
[SourceQuality "1"]

1. e4 e5 2. Nc3 Nf6 3. f4 d5 4. fxe5 Nxe4 5. Nf3 Bg4 6. Be2 Bxf3 7. Bxf3 Qh4+ 8. g3 Nxg3 9. hxg3 Qxg3+ 10. Kf1 c6 11. d4 Na6 12. Rg1 Qh3+ 13. Rg2 h5 14. Bg5 Nc7 15. Ke2 Ne6 16. Qd2 g6 17. Rag1 Rc8 18. Rg3 Qf5 19. Nd1 Nc7 20. Ne3 Qd7 21. Rh1 Ne6 22. Bg2 Be7 23. Bh3 Qd8 24. Bxe6 fxe6 25. Bxe7 Qxe7 26. Rxg6 Kd7 27. Rhg1 Rcf8 28. Rg7 Rf7 29. Rxf7 Qxf7 30. Kd1 Qf3+ 31. Qe2 Qe4 32. Rg7+ Kc8 33. Qd3 Qh1+ 34. Kd2 Rf8 35. Kc3 Rf3 36. Qe2 Qh3 37. Kd2 h4 38. Rg2 Kc7 39. Rf2 Rg3 40. Nf1 Rg4 41. c3 Re4 42. Qf3 Qf5 43. Qxf5 0-1